| 000 | 00998nam a2200241 a 4500 | ||
|---|---|---|---|
| 001 | 22957 | ||
| 003 | CO-ViMGA | ||
| 008 | 141112s2004 ck r 000 u spa d | ||
| 020 | _a968 7529988 | ||
| 040 |
_aCO-ViMGA _bspa _cCO-ViMGA |
||
| 082 | 0 | 4 | _a005.133 W154o |
| 100 | 1 |
_aWang, Paul _933000 |
|
| 245 | 1 | 0 |
_aJava : _bCon programación orientada a objetos y aplicaciones en la www |
| 260 |
_aMéxico : _bThomson |
||
| 300 | _a444p. | ||
| 505 | _aFundamentos de java, Un primer programa, Metodos de definicion, Instrucciones, La instruccion while, Claeses y poo, Caracteristicas y construcciones de java, Herencias y extension de clase, Applets y web | ||
| 650 | 1 | 4 |
_aGRAFICOS POR COMPUTADOR _933001 |
| 650 | 1 | 4 |
_aJAVA ( LENGUAJE DE PROGRAMACION DE COMPUTADORES) _933002 |
| 650 | 1 | 4 | _aPROGRAMACION ( COMPUTADORES ELECTRONICOS) |
| 650 | 1 | 4 |
_aPROGRAMACION ORIENTADA A OBJETOS ( INFORMATICA) _933003 |
| 650 | 1 | 4 |
_aWORLD WIDE WEB ( SERVICIO DE INFORMACION SOBRE REDES) _98545 |
| 942 |
_2ddc _cBK |
||
| 999 |
_c31245 _d31245 |
||